000 00936cam a22002532 4500
001 0000019798
005 20151217152201.0
008 110210s xx 000 0 eng d
020 _a9966846832 :
040 _aKABU
_cKABU
100 1 _aMacGoye, Marjorie Oludhe.
_@0000148228
245 1 0 _aCreative writing in prose /
_cMarjorie Oludhe Macgoye.
250 _a1st ed.
260 _aNairobi :
_bUniversity of Nairobi Press,
_c2009.
300 _aviii, 119 p.
650 0 _aEnglish language
_vStudy and teaching
_xcomposition execises
_zKenya.
_@0000179791
650 0 _aCreative writing (secondary education)
_zKenya.
_@0000179792
700 1 _aMacGoye, Marjorie Oludhe.
_@0000148228
852 1 _9p500 KES
852 1 _9p500 KES
852 1 _9p500 KES
908 _a110210
950 _@1
999 _c9079
_d9079